[Event "TUR-ch Istanbul"]
[Site "ISTANBUL"]
[Date "2006.03.14"]
[Round "4.6"]
[White "Can, Emre"]
[Black "Goksel, Doga Cihan"]
[Result "1-0"]
[WhiteElo "2281"]
[BlackElo "2189"]
[PlyCount "137"]
[EventDate "2006.??.??"]

1. e4 c5 2. Nf3 e6 3. c3 Nf6 4. e5 Nd5 5. d4 cxd4 6. cxd4 d6 7. Bc4 Be7 8. O-O
O-O 9. Qe2 Bd7 10. Nc3 Nxc3 11. bxc3 Bc6 12. Bf4 Qc7 13. Bd3 Nd7 14. Rfe1 Rfe8
15. Ng5 Nf8 16. Qh5 Bxg5 17. exd6 Qa5 18. Qxg5 Qxg5 19. Bxg5 f6 20. Bf4 b5 21.
a4 a6 22. Reb1 Nd7 23. axb5 axb5 24. f3 e5 25. Rxa8 Rxa8 26. dxe5 fxe5 27. Bg3
Rb8 28. c4 b4 29. Bc2 Kf7 30. Be1 Ke6 31. Bxb4 g6 32. Kf2 Ra8 33. Re1 Rb8 34.
Ba3 Ra8 35. Ra1 Nc5 36. Ke3 Nb7 37. Bb2 Rb8 38. Ra6 Nxd6 39. Rxc6 Rxb2 40. Kd2
Kd7 41. Rc5 Ra2 42. Kc3 Nf7 43. Rb5 Ra7 44. Be4 Nd6 45. Rxe5 Ra2 46. Rd5 Ke6
47. Bc2 Ra1 48. Rd1 Ra7 49. Bb3 Rc7 50. Re1+ Kd7 51. Kd4 Nf5+ 52. Ke4 Kd6 53.
Kd3 Rb7 54. Bc2 Ra7 55. Kc3 Ra2 56. Bxf5 gxf5 57. Rd1+ Kc6 58. Rd2 Ra1 59. Kd4
Re1 60. Ra2 Kb7 61. Kd5 h5 62. c5 h4 63. h3 Re8 64. c6+ Kb6 65. Rb2+ Kc7 66.
Rb7+ Kc8 67. Rg7 f4 68. Rg4 Re2 69. Kd6 1-0

[Event "TUR-ch Istanbul"]
[Site "ISTANBUL"]
[Date "2006.03.14"]
[Round "4.7"]
[White "Korkmaz, Necmettin"]
[Black "Erdogdu, Mert"]
[Result "1-0"]
[WhiteElo "2071"]
[BlackElo "2345"]
[PlyCount "187"]
[EventDate "2006.??.??"]

1. e4 e5 2. Nf3 Nc6 3. Bb5 a6 4. Ba4 Nf6 5. d3 d6 6. O-O g6 7. c3 Bg7 8. d4 b5
9. Bb3 O-O 10. dxe5 Nxe5 11. Nxe5 dxe5 12. Qe2 Bb7 13. Bg5 h6 14. Rd1 Qe7 15.
Bxf6 Bxf6 16. Nd2 Rad8 17. a4 Qc5 18. Bc2 Kg7 19. Bd3 c6 20. c4 Qb4 21. Nf1
bxc4 22. Bxc4 a5 23. b3 h5 24. Nd2 Rd6 25. Nf3 Rfd8 26. h3 Bc8 27. Rac1 R8d7
28. Rxd6 Rxd6 29. Rd1 Qc5 30. Rd3 Bd8 31. Rxd6 Qxd6 32. Qd2 Qxd2 33. Nxd2 f5
34. Bd3 Kf6 35. Kf1 Be7 36. Nc4 Bb4 37. Ke2 Be6 38. Bc2 Bc8 39. Bd3 Bd7 40. f3
Be6 41. Bc2 Bg8 42. Ne3 fxe4 43. fxe4 Kg5 44. Kf3 Be6 45. Nc4 Kf6 46. Bd3 Bc3
47. Be2 Kg5 48. Bf1 Kf6 49. Bd3 Ke7 50. Be2 Kf6 51. Bd3 Kg5 52. Be2 Be1 53. Bd1
Kf6 54. Be2 Bf7 55. Bd1 Bb4 56. Be2 h4 57. Bd1 g5 58. Ke3 Bc5+ 59. Kd3 Bb4 60.
Bg4 Be8 61. Bc8 Bh5 62. Bg4 Be8 63. Kc2 Bg6 64. Kd3 Be8 65. Ne3 Bf7 66. Kc2 Be8
67. Bc8 Ke7 68. Nc4 Kf6 69. Bg4 Bg6 70. Kd3 Be8 71. Bc8 Bf7 72. Bd7 Bh5 73. Ne3
Bf7 74. Kc2 c5 75. Ng4+ Ke7 76. Nxe5 Bh5 77. Bg4 Be8 78. Nf3 Kf6 79. Kd3 c4+
80. bxc4 Bxa4 81. e5+ Kg6 82. Nd4 Be8 83. Bf5+ Kh6 84. Ke4 a4 85. Kd5 a3 86.
Bb1 g4 87. e6 gxh3 88. gxh3 Bg6 89. Bxg6 a2 90. Nc2 Kxg6 91. c5 Kf6 92. c6 Ba5
93. Kd6 Bb6 94. Kd7 1-0

[Event "TUR-ch Istanbul"]
[Site "Istanbul"]
[Date "2006.03.14"]
[Round "4.3"]
[White "Atakisi, Umut"]
[Black "Erturan, Yakup"]
[Result "1-0"]
[WhiteElo "2441"]
[BlackElo "2365"]
[PlyCount "73"]
[EventDate "2006.??.??"]

1. e4 e5 2. Nf3 Nc6 3. Bb5 a6 4. Ba4 Nf6 5. O-O Be7 6. Re1 b5 7. Bb3 d6 8. c3
O-O 9. h3 Na5 10. Bc2 c5 11. d4 Qc7 12. Nbd2 cxd4 13. cxd4 Rd8 14. b3 Nc6 15.
Bb2 Qb6 16. a3 exd4 17. b4 Be6 18. Nb3 d3 19. Qxd3 Ne5 20. Qd1 Rac8 21. Nbd4
Bd7 22. Qe2 Nc4 23. Nf5 Bxf5 24. Bd4 Qc6 25. exf5 Ne5 26. Bd1 Re8 27. Bxe5 dxe5
28. Bb3 Bd6 29. Ng5 Re7 30. Qa2 Rf8 31. Rac1 Qb6 32. Red1 Bc7 33. Rc3 h6 34.
Nxf7 Rfxf7 35. Rdc1 Ne8 36. Rc6 Qd4 37. Bxf7+ 1-0

[Event "TUR-ch Istanbul"]
[Site "Istanbul"]
[Date "2006.03.14"]
[Round "4.4"]
[White "Yagiz, Yasin Emrah"]
[Black "Atalik, Ekaterina"]
[Result "1-0"]
[WhiteElo "2209"]
[BlackElo "2399"]
[PlyCount "71"]
[EventDate "2006.??.??"]

1. Nf3 d5 2. c4 c6 3. g3 Nf6 4. Bg2 Bg4 5. Ne5 Bh5 6. cxd5 Nxd5 7. Nc3 e6 8. g4
Bd6 9. gxh5 Bxe5 10. d4 Bc7 11. e4 Nxc3 12. bxc3 Ba5 13. Bd2 Nd7 14. e5 Nb6 15.
O-O Qe7 16. Rb1 Rd8 17. Qg4 f5 18. exf6 gxf6 19. Rfe1 Kf7 20. h6 Rhg8 21. Qh5+
Rg6 22. Qxa5 Rdg8 23. Qh5 Kf8 24. c4 Rxg2+ 25. Kh1 c5 26. Qf3 f5 27. Bf4 Qh4
28. Bd6+ Ke8 29. Rxe6+ Kd7 30. Qxf5 Qxf2 31. Re7+ Kd8 32. Qxf2 Rxf2 33. Rg7 Re8
34. dxc5 Nxc4 35. Bg3 Rxa2 36. Rbxb7 1-0

[Event "TUR-ch Istanbul"]
[Site "Istanbul"]
[Date "2006.03.15"]
[Round "5.1"]
[White "Erdogdu, Mert"]
[Black "Secer, Ata"]
[Result "1/2-1/2"]
[WhiteElo "2345"]
[BlackElo "2229"]
[PlyCount "146"]
[EventDate "2006.??.??"]

1. e4 c5 2. Nf3 Nc6 3. d4 cxd4 4. Nxd4 Nf6 5. Nc3 e5 6. Ndb5 d6 7. Bg5 a6 8.
Na3 b5 9. Bxf6 gxf6 10. Nd5 f5 11. c3 Bg7 12. exf5 Bxf5 13. Nc2 O-O 14. Nce3
Be6 15. Bd3 f5 16. Qh5 e4 17. Bc2 Ne7 18. Rd1 b4 19. cxb4 Nxd5 20. Nxd5 Bxb2
21. O-O Rb8 22. f3 Bxd5 23. Rxd5 Rb5 24. Rxb5 axb5 25. fxe4 fxe4 26. Qd5+ Kg7
27. Rxf8 Kxf8 28. Qxe4 Qf6 29. Qf5 Qxf5 30. Bxf5 Kg7 31. Bd3 Ba3 32. Bxb5 Bxb4
33. Kf2 Kf6 34. Ke3 Ke5 35. a4 Bc5+ 36. Kd3 Bg1 37. h3 Bb6 38. Bd7 d5 39. Bg4
Kf4 40. Bf3 d4 41. h4 Kg3 42. h5 h6 43. Ke4 Bc5 44. a5 Bb4 45. a6 Bc5 46. Kd3
Ba7 47. Be4 Bb6 48. Ke2 Ba7 49. Kf1 Bb6 50. Bd3 Ba7 51. Be2 Bb6 52. Bf3 d3 53.
Be4 Kg4 54. Bf3+ Kg3 55. Ke1 Be3 56. Kd1 Kf4 57. g4 Kg5 58. Ke1 Kf4 59. Bd1 Kg5
60. Kf1 Kf4 61. Kg2 Ba7 62. Kh3 Bb6 63. Bb3 Ba7 64. Bc4 d2 65. Bb3 Bb6 66. Bd1
Ba7 67. Kh4 Bb6 68. Kh3 Ba7 69. Kg2 Bb6 70. Kf1 Ba7 71. Kg2 Bb6 72. Kf1 Ba7 73.
Kg2 Bb6 1/2-1/2

[Event "TUR-ch Istanbul"]
[Site "Istanbul"]
[Date "2006.03.15"]
[Round "5.2"]
[White "Goksel, Doga Cihan"]
[Black "Korkmaz, Necmettin"]
[Result "1-0"]
[WhiteElo "2189"]
[BlackElo "2071"]
[PlyCount "86"]
[EventDate "2006.??.??"]

1. Nf3 Nf6 2. c4 g6 3. g3 Bg7 4. Bg2 O-O 5. O-O c6 6. d4 d5 7. Nbd2 a5 8. Ne5
a4 9. a3 Nbd7 10. Nd3 Nb6 11. c5 Nc4 12. Nxc4 dxc4 13. Ne5 Ng4 14. Nf3 e5 15.
e3 exd4 16. exd4 Nh6 17. Bg5 f6 18. Bf4 g5 19. Bd6 Re8 20. Qc2 b5 21. Nd2 Bb7
22. Be4 f5 23. Bxf5 Nxf5 24. Qxf5 Re2 25. Ne4 Bc8 26. Qf3 Rxb2 27. Rae1 Rb3 28.
Qh5 Bf5 29. Nxg5 Bg6 30. Qg4 Qf6 31. Re7 Bf5 32. Qf4 h6 33. Ne4 Bxe4 34. Qxe4
Qxd4 35. Qe6+ Kh8 36. Rxg7 Qxg7 37. Be5 Ra7 38. Qxh6+ Kg8 39. Bxg7 Rxg7 40. Re1
Rf3 41. Re8+ Rf8 42. Qxc6 b4 43. Rxf8+ Kxf8 1-0

[Event "TUR-ch Istanbul"]
[Site "Istanbul"]
[Date "2006.03.15"]
[Round "5.3"]
[White "Kilicaslan, Hasan"]
[Black "Can, Emre"]
[Result "1/2-1/2"]
[WhiteElo "2281"]
[BlackElo "2281"]
[PlyCount "61"]
[EventDate "2006.??.??"]

1. d4 Nf6 2. Nf3 d5 3. c4 e6 4. Nc3 Bb4 5. Bg5 h6 6. Bxf6 Qxf6 7. e3 O-O 8. Qb3
c5 9. a3 Bxc3+ 10. bxc3 cxd4 11. cxd4 dxc4 12. Bxc4 Nc6 13. Qb2 b6 14. O-O Bb7
15. Rac1 Rac8 16. Qe2 Qe7 17. Ba6 Na5 18. Bxb7 Qxb7 19. Ne5 Rxc1 20. Rxc1 Rc8
21. Rxc8+ Qxc8 22. h4 Qc1+ 23. Kh2 f6 24. Ng6 Qxa3 25. Qb5 Qd6+ 26. f4 Kf7 27.
Qh5 Kg8 28. Qb5 Kf7 29. Qh5 Kg8 30. Qb5 Kf7 31. Qh5 1/2-1/2

[Event "TUR-ch Istanbul"]
[Site "Istanbul"]
[Date "2006.03.15"]
[Round "5.4"]
[White "Atalik, Ekaterina"]
[Black "Haznedaroglu, Kivanc"]
[Result "0-1"]
[WhiteElo "2399"]
[BlackElo "2438"]
[PlyCount "126"]
[EventDate "2006.??.??"]

1. d4 d5 2. c4 c6 3. Nf3 Nf6 4. Nc3 dxc4 5. a4 Bf5 6. Ne5 Nbd7 7. Nxc4 Qc7 8.
g3 e5 9. dxe5 Nxe5 10. Bf4 Nfd7 11. Bg2 f6 12. O-O Nc5 13. Ne3 Bg6 14. b4 Ne6
15. Qb3 Bf7 16. Qb1 Be7 17. Nf5 Nxf4 18. gxf4 Ng6 19. e3 O-O 20. b5 Rad8 21.
Rc1 Qd7 22. a5 Bc4 23. bxc6 bxc6 24. Rd1 Qc7 25. Qe4 Bf7 26. Qxc6 Rxd1+ 27.
Nxd1 Qxc6 28. Bxc6 Bb4 29. a6 Rd8 30. Rb1 Bc5 31. Nc3 Be6 32. Be4 Bc4 33. Rb7
Bxa6 34. Rxg7+ Kh8 35. Nd5 Nh4 36. Rc7 Bb6 37. Nxh4 Bxc7 38. Nxc7 Bc4 39. f5 a5
40. Ne6 Rd1+ 41. Kg2 a4 42. Bc2 a3 43. Bxd1 a2 44. Nd4 a1=Q 45. Be2 Qa8+ 46.
Nhf3 Qg8+ 47. Kf1 Bd5 48. Bd3 Bf7 49. Be2 Qg4 50. Ng1 Qh4 51. Kg2 Qg5+ 52. Kf1
Qh6 53. Kg2 Qg5+ 54. Kf1 Ba2 55. Ngf3 Qh5 56. Bd3 Qh3+ 57. Ke2 Bf7 58. Be4 Bh5
59. Ke1 Qg2 60. h4 Qh1+ 61. Ke2 Qxh4 62. Bd5 Qh1 63. Ne6 Bg4 0-1

[Event "TUR-ch Istanbul"]
[Site "Istanbul"]
[Date "2006.03.15"]
[Round "5.5"]
[White "Erturan, Yakup"]
[Black "Yagiz, Yasin Emrah"]
[Result "1-0"]
[WhiteElo "2365"]
[BlackElo "2209"]
[PlyCount "49"]
[EventDate "2006.??.??"]

1. e4 c5 2. Nf3 e6 3. d4 cxd4 4. Nxd4 a6 5. Bd3 Nf6 6. Qe2 d6 7. c4 Be7 8. O-O
Bd7 9. Nc3 Nc6 10. Nxc6 Bxc6 11. f4 h5 12. h3 h4 13. Be3 Nd7 14. b4 b6 15. Qf2
Rb8 16. Ne2 Nf6 17. e5 Ne4 18. Qf3 d5 19. f5 Qd7 20. fxe6 fxe6 21. Bxe4 dxe4
22. Qf7+ Kd8 23. Rad1 Qd3 24. Rxd3+ exd3 25. Nd4 1-0

[Event "TUR-ch Istanbul"]
[Site "Istanbul"]
[Date "2006.03.15"]
[Round "5.6"]
[White "Gurevich, Mikhail"]
[Black "Atakisi, Umut"]
[Result "1/2-1/2"]
[WhiteElo "2633"]
[BlackElo "2441"]
[PlyCount "33"]
[EventDate "2006.??.??"]

1. d4 Nf6 2. c4 g6 3. Nc3 d5 4. cxd5 Nxd5 5. e4 Nxc3 6. bxc3 Bg7 7. Ba3 Nd7 8.
Qb3 O-O 9. Rd1 c5 10. Nf3 Qc7 11. Be2 b5 12. O-O a6 13. e5 Bb7 14. h4 e6 15. h5
Rfc8 16. hxg6 hxg6 17. Ng5 1/2-1/2

[Event "TUR-ch Istanbul"]
[Site "Istanbul"]
[Date "2006.03.15"]
[Round "5.7"]
[White "Atalik, Suat"]
[Black "Erdogan, Hakan"]
[Result "1-0"]
[WhiteElo "2618"]
[BlackElo "2259"]
[PlyCount "47"]
[EventDate "2006.??.??"]

1. d4 Nf6 2. c4 e6 3. Nf3 c5 4. d5 b5 5. dxe6 fxe6 6. cxb5 d5 7. Nc3 Nbd7 8. g3
d4 9. Na4 Qa5+ 10. Bd2 Qxb5 11. Bg2 Bb7 12. b4 Ne4 13. Nxc5 Ndxc5 14. bxc5 Nc3
15. Bxc3 dxc3 16. Rb1 Qa5 17. O-O Rd8 18. Qc2 Bd5 19. Ne5 Bxc5 20. Bxd5 exd5
21. Nc6 Qc7 22. Nxd8 Kxd8 23. Rfd1 d4 24. Qxc3 1-0

[Event "TUR-ch Istanbul"]
[Site "Istanbul"]
[Date "2006.03.16"]
[Round "6.1"]
[White "Secer, Ata"]
[Black "Erdogan, Hakan"]
[Result "1-0"]
[WhiteElo "2229"]
[BlackElo "2259"]
[PlyCount "89"]
[EventDate "2006.??.??"]

1. e4 Nc6 2. Nf3 e5 3. Bb5 a6 4. Ba4 Nf6 5. O-O Be7 6. Re1 b5 7. Bb3 O-O 8. h3
d6 9. c3 Nd7 10. d4 Bf6 11. a4 Na5 12. axb5 axb5 13. dxe5 dxe5 14. Bd5 Ra6 15.
b4 Nc4 16. Rxa6 Bxa6 17. Bxc4 bxc4 18. Qa4 Bb7 19. Qb5 Nb6 20. Nxe5 Qe8 21.
Qxe8 Rxe8 22. Ng4 Rxe4 23. Nxf6+ gxf6 24. Be3 f5 25. Nd2 Re6 26. Ra1 Rg6 27. g3
Nd5 28. Bd4 f4 29. Ra7 Bc6 30. b5 Be8 31. Ra8 Re6 32. Nxc4 Kf8 33. Ne5 f6 34.
Nf3 Kf7 35. c4 Nb6 36. Ra7 Re7 37. Bc5 Rd7 38. Bxb6 cxb6 39. Ra6 Rd3 40. Kg2
Bd7 41. Rxb6 Be6 42. Rc6 Bf5 43. Rc7+ Ke6 44. Nh4 Kd6 45. Rc6+ 1-0

[Event "TUR-ch Istanbul"]
[Site "Istanbul"]
[Date "2006.03.16"]
[Round "6.2"]
[White "Atakisi, Umut"]
[Black "Atalik, Suat"]
[Result "1/2-1/2"]
[WhiteElo "2441"]
[BlackElo "2618"]
[PlyCount "91"]
[EventDate "2006.??.??"]

1. e4 e5 2. Nf3 Nc6 3. Bb5 a6 4. Ba4 Nf6 5. O-O Nxe4 6. d4 b5 7. Bb3 d5 8. dxe5
Be6 9. Nbd2 Be7 10. c3 O-O 11. Bc2 f5 12. exf6 Nxf6 13. Nb3 Bg4 14. Qd3 Qd7 15.
Bf4 Bxf3 16. Qxf3 g6 17. Rad1 Bd6 18. Rfe1 Bxf4 19. Qxf4 Nh5 20. Nc5 Nxf4 21.
Nxd7 Rf7 22. Nc5 Na5 23. f3 c6 24. g3 Nh5 25. f4 Nb7 26. Nxb7 Rxb7 27. Re6 Rc7
28. Rde1 Ng7 29. R6e5 Kf7 30. f5 gxf5 31. Bxf5 Nxf5 32. Rxf5+ Kg6 33. Rf4 Rd8
34. Re6+ Kg7 35. Rff6 d4 36. cxd4 Rxd4 37. Rxc6 Rd1+ 38. Kg2 Rd2+ 39. Kh3 Rxc6
40. Rxc6 a5 41. Rb6 Rxb2 42. a4 b4 43. Ra6 b3 44. Rxa5 Ra2 45. Rb5 Rxa4 46.
Rxb3 1/2-1/2

[Event "TUR-ch Istanbul"]
[Site "Istanbul"]
[Date "2006.03.16"]
[Round "6.3"]
[White "Yagiz, Yasin Emrah"]
[Black "Gurevich, Mikhail"]
[Result "0-1"]
[WhiteElo "2209"]
[BlackElo "2633"]
[PlyCount "106"]
[EventDate "2006.??.??"]

1. Nf3 d5 2. c4 c6 3. g3 Nf6 4. Bg2 dxc4 5. O-O b5 6. b3 cxb3 7. Qxb3 e6 8. Ne5
Bb7 9. a4 b4 10. a5 Qc7 11. d4 c5 12. Bxb7 Qxb7 13. Qa4+ Nbd7 14. Be3 c4 15.
Nd2 c3 16. Nb3 a6 17. Rfb1 Nd5 18. Nc5 Bxc5 19. dxc5 Qb5 20. Qxb5 axb5 21. Nd3
Ke7 22. c6 Nxe3 23. fxe3 Nb8 24. Rxb4 Nxc6 25. Rxb5 Rhc8 26. a6 Rab8 27. Rxb8
Rxb8 28. a7 Ra8 29. Rc1 Rxa7 30. Rxc3 Kd6 31. Kf2 f5 32. Kf3 Ra4 33. Kf2 e5 34.
Rxc6+ Kxc6 35. Nxe5+ Kd5 36. Nf3 g6 37. Ng5 h6 38. Nf3 g5 39. Nd4 Ke4 40. Nb3
Ra2 41. Nc5+ Kd5 42. Nd3 Kc4 43. Ne5+ Kc3 44. Nf7 Ra6 45. Kf3 Rf6 46. Nd8 Kc4
47. h4 Kd5 48. hxg5 hxg5 49. g4 Rf8 50. Nb7 Rb8 51. Na5 Rb5 52. gxf5 Rxa5 53.
Kg4 Ke5 0-1

[Event "TUR-ch Istanbul"]
[Site "Istanbul"]
[Date "2006.03.16"]
[Round "6.4"]
[White "Haznedaroglu, Kivanc"]
[Black "Erturan, Yakup"]
[Result "1-0"]
[WhiteElo "2438"]
[BlackElo "2365"]
[PlyCount "79"]
[EventDate "2006.??.??"]

1. e4 e5 2. Nf3 Nc6 3. Bb5 Nf6 4. O-O Be7 5. d4 Nxe4 6. Qe2 Nd6 7. Bxc6 bxc6 8.
dxe5 Nb7 9. Rd1 O-O 10. b3 Qe8 11. Bb2 Nc5 12. Nc3 f6 13. Ne4 Nxe4 14. Qxe4
fxe5 15. Qxe5 Bf6 16. Qxe8 Rxe8 17. Bxf6 gxf6 18. Rd3 d6 19. b4 a5 20. Ra3 Bg4
21. Nd4 axb4 22. Rg3 Re4 23. Nb3 Rc4 24. h3 f5 25. hxg4 f4 26. Rf3 c5 27. c3
bxc3 28. Rc1 d5 29. Rfxc3 Rxc3 30. Rxc3 c4 31. Nd4 Rxa2 32. Ne6 Ra1+ 33. Kh2
Ra4 34. Rf3 Ra6 35. Nxc7 Rh6+ 36. Kg1 d4 37. Nb5 d3 38. Nc3 Rf6 39. g3 Ra6 40.
Rxf4 1-0

[Event "TUR-ch Istanbul"]
[Site "Istanbul"]
[Date "2006.03.16"]
[Round "6.5"]
[White "Can, Emre"]
[Black "Atalik, Ekaterina"]
[Result "1-0"]
[WhiteElo "2281"]
[BlackElo "2399"]
[PlyCount "89"]
[EventDate "2006.??.??"]

1. e4 e5 2. Nf3 Nc6 3. Bc4 Bc5 4. c3 Nf6 5. d4 exd4 6. e5 d5 7. Bb5 Ne4 8. cxd4
Bb4+ 9. Bd2 Nxd2 10. Bxc6+ bxc6 11. Nbxd2 O-O 12. O-O f6 13. Qc1 Ba6 14. Re1
fxe5 15. Rxe5 Qf6 16. Qc2 Bd6 17. Re3 Rae8 18. Rae1 Rxe3 19. Rxe3 Bc8 20. Nb3
Bf5 21. Qe2 Bg4 22. Qe1 Bf4 23. Ne5 Bf5 24. Re2 Bxe5 25. Rxe5 Qg6 26. f3 Bh3
27. Qg3 Qxg3 28. hxg3 Bc8 29. Re7 Rf7 30. Re8+ Rf8 31. Re3 Kf7 32. Na5 Bd7 33.
Rb3 Ke7 34. Rb7 Kd6 35. Rxa7 Rb8 36. Nb7+ Ke7 37. b3 Bc8 38. Nc5 Kd6 39. Kf2 h6
40. Ke3 g6 41. g4 g5 42. Nd3 Bd7 43. b4 Be8 44. a3 Bd7 45. Ne5 1-0

[Event "TUR-ch Istanbul"]
[Site "?"]
[Date "2006.03.16"]
[Round "6.6"]
[White "Korkmaz, Necmettin"]
[Black "Kilicaslan, Hasan"]
[Result "0-1"]
[WhiteElo "2071"]
[BlackElo "2281"]
[PlyCount "82"]
[EventDate "2006.03.11"]

1. e4 d6 2. d4 g6 3. Nc3 Bg7 4. Bg5 c6 5. Qd2 b5 6. a3 a6 7. Nge2 Nd7 8. g3 Nb6
9. Bg2 h6 10. Bf4 Nc4 11. Qc1 e5 12. b3 exf4 13. bxc4 fxg3 14. hxg3 bxc4 15.
O-O Ne7 16. Rb1 O-O 17. Rb4 a5 18. Rb1 Kh7 19. Qd2 Bg4 20. f4 f5 21. d5 cxd5
22. exf5 Nxf5 23. Rb7 Rb8 24. Rfb1 Rxb7 25. Rxb7 Re8 26. Nd4 Nxd4 27. Qxd4 Re7
28. Qa7 Rxb7 29. Qxb7 Qc8 30. Qe7 Qd7 31. Qxd7 Bxd7 32. Nxd5 Bd4+ 33. Kh2 Bf5
34. c3 Bc5 35. a4 Bc2 36. Bf1 Bxa4 37. Bxc4 Bc2 38. g4 a4 39. Nb4 Bxb4 40. cxb4
Bb3 41. Bd3 a3 0-1

[Event "TUR-ch Istanbul"]
[Site "Istanbul"]
[Date "2006.03.16"]
[Round "6.7"]
[White "Erdogdu, Mert"]
[Black "Goksel, Doga Cihan"]
[Result "1-0"]
[WhiteElo "2345"]
[BlackElo "2189"]
[PlyCount "83"]
[EventDate "2006.??.??"]

1. e4 c5 2. Nf3 e6 3. d4 cxd4 4. Nxd4 a6 5. c4 Nf6 6. Nc3 Qc7 7. a3 b6 8. Be3
Bb7 9. f3 Be7 10. Rc1 O-O 11. Be2 d6 12. O-O Nbd7 13. Qd2 Rac8 14. Rc2 Qb8 15.
Rb1 Bd8 16. Kh1 Bc7 17. Bg1 Kh8 18. b4 Rg8 19. b5 a5 20. Nc6 Bxc6 21. bxc6 Nc5
22. e5 Ne8 23. f4 Rd8 24. Bxc5 dxc5 25. Qe3 g5 26. fxg5 Ng7 27. Bd3 Rxd3 28.
Qxd3 Bxe5 29. g4 Ne8 30. Ne4 Bd4 31. Qg3 Be5 32. Qf3 Qc7 33. Re2 Qxc6 34. Qxf7
Bg7 35. Qf3 Rf8 36. Qg2 Qa4 37. Rf1 Qxc4 38. Rxf8+ Bxf8 39. Qf3 Bg7 40. Nd6 Qa4
41. Rxe6 Nc7 42. Rf6 1-0

[Event "TUR-ch Istanbul"]
[Site "Istanbul"]
[Date "2006.03.17"]
[Round "7.1"]
[White "Goksel, Doga Cihan"]
[Black "Secer, Ata"]
[Result "1/2-1/2"]
[WhiteElo "2189"]
[BlackElo "2229"]
[PlyCount "34"]
[EventDate "2006.??.??"]

1. Nf3 Nf6 2. d4 g6 3. c4 Bg7 4. g3 O-O 5. Bg2 d6 6. O-O Nc6 7. Nc3 a6 8. h3
Rb8 9. e4 b5 10. e5 dxe5 11. dxe5 Qxd1 12. Rxd1 Nd7 13. cxb5 axb5 14. Be3 Nb6
15. Bxb6 cxb6 16. Nxb5 Nxe5 17. Nfd4 Bb7 1/2-1/2

[Event "TUR-ch Istanbul"]
[Site "Istanbul"]
[Date "2006.03.17"]
[Round "7.2"]
[White "Kilicaslan, Hasan"]
[Black "Erdogdu, Mert"]
[Result "1/2-1/2"]
[WhiteElo "2281"]
[BlackElo "2345"]
[PlyCount "142"]
[EventDate "2006.??.??"]

1. d4 Nf6 2. Nf3 g6 3. Bf4 Bg7 4. e3 O-O 5. Nbd2 d6 6. h3 b6 7. Bc4 Bb7 8. O-O
c5 9. c3 Nbd7 10. a4 Re8 11. a5 e5 12. dxe5 Nxe5 13. Bxe5 dxe5 14. Qb3 Re7 15.
Ng5 Bd5 16. axb6 h6 17. Bxd5 Nxd5 18. Ngf3 Nxb6 19. e4 Rb8 20. Rfd1 Qc8 21. Ra5
Qc6 22. Rda1 Rbb7 23. Nc4 Rec7 24. Nxb6 axb6 25. Ra8+ Kh7 26. Qc4 b5 27. Qe2 c4
28. h4 Rd7 29. h5 Rb6 30. hxg6+ fxg6 31. Nh2 Qe6 32. Ng4 Rbd6 33. Qf3 Rf7 34.
Qg3 Rd2 35. R1a6 Rd6 36. R6a7 Rd1+ 37. Kh2 Rfd7 38. Rxd7 Rxd7 39. Ne3 Qc6 40.
Rb8 Qxe4 41. Rxb5 h5 42. Qf3 Qh4+ 43. Kg1 Ra7 44. Rb7 Ra1+ 45. Nf1 Qf4 46. Qxf4
exf4 47. Rb4 Rb1 48. Rxc4 Rxb2 49. Rxf4 Bxc3 50. g3 Bb4 51. Rf7+ Kg8 52. Rb7
Bc3 53. Rd7 Be1 54. f3 Ba5 55. Rd3 Bb6+ 56. Kh1 Kf7 57. Rd2 Rb1 58. Kg2 Ke6 59.
Re2+ Kf6 60. Nd2 Rg1+ 61. Kh2 Rd1 62. Ne4+ Kf5 63. Rb2 Be3 64. Rb3 Re1 65. Rb7
g5 66. Rb5+ Kg6 67. Rd5 g4 68. fxg4 hxg4 69. Nd6 Rb1 70. Nf5 Bg5 71. Nh4+ Bxh4
1/2-1/2

[Event "TUR-ch Istanbul"]
[Site "Istanbul"]
[Date "2006.03.17"]
[Round "7.3"]
[White "Atalik, Ekaterina"]
[Black "Korkmaz, Necmettin"]
[Result "1-0"]
[WhiteElo "2399"]
[BlackElo "2071"]
[PlyCount "96"]
[EventDate "2006.??.??"]

1. d4 d5 2. c4 c6 3. Nc3 Nf6 4. Nf3 e6 5. e3 Nbd7 6. Bd3 Bd6 7. O-O O-O 8. e4
dxe4 9. Nxe4 Nxe4 10. Bxe4 h6 11. Bc2 e5 12. b4 f5 13. c5 Bc7 14. Bb3+ Kh8 15.
Ng5 Nf6 16. Nf7+ Rxf7 17. Bxf7 exd4 18. f4 d3 19. Bb2 Qe7 20. Bc4 Qe3+ 21. Kh1
Be6 22. Rf3 Qe4 23. Bxe6 Qxe6 24. Bxf6 Qxf6 25. Rb1 Re8 26. Qxd3 Re4 27. g3 Qe6
28. Qb3 Qe7 29. Rff1 b6 30. Qc2 Qe6 31. Qb3 Qe7 32. Rbd1 a5 33. bxa5 bxa5 34.
Qb7 Qf7 35. Qxc6 Re2 36. Qf3 Qxa2 37. Rd7 Rxh2+ 38. Kg1 Bxf4 39. gxf4 Rc2 40.
Qd5 Qxd5 41. Rxd5 a4 42. Ra1 Rc4 43. Rxf5 Kh7 44. Rd5 Rxf4 45. Rc1 a3 46. c6 a2
47. Ra5 Rg4+ 48. Kh2 Rh4+ 1-0

[Event "TUR-ch Istanbul"]
[Site "Istanbul"]
[Date "2006.03.17"]
[Round "7.4"]
[White "Erturan, Yakup"]
[Black "Can, Emre"]
[Result "1/2-1/2"]
[WhiteElo "2365"]
[BlackElo "2281"]
[PlyCount "76"]
[EventDate "2006.??.??"]

1. Nf3 Nf6 2. d4 d5 3. g3 c6 4. Bg2 Bf5 5. O-O Nbd7 6. b3 e6 7. Nh4 Bg4 8. h3
Bh5 9. g4 Bg6 10. Nxg6 hxg6 11. Bf4 Nb6 12. Nd2 Bd6 13. e3 Bxf4 14. exf4 Qd6
15. Qf3 O-O-O 16. Rfe1 Ne4 17. Nxe4 dxe4 18. Rxe4 f5 19. Re5 Nd7 20. Re3 Nf6
21. Rae1 Rde8 22. Re5 Qxd4 23. c3 Qd6 24. Rd1 Qc7 25. Qe2 Rd8 26. Rxd8+ Rxd8
27. g5 Nh5 28. Qc4 Rd1+ 29. Kh2 Nxf4 30. Qxf4 Re1 31. Be4 Rxe4 32. Rxe4 fxe4
33. Kg3 Qd8 34. Kg2 Qd5 35. Qf8+ Qd8 36. Qc5 Qd5 37. Qf8+ Qd8 38. Qf4 Qd5
1/2-1/2

[Event "TUR-ch Istanbul"]
[Site "Istanbul"]
[Date "2006.03.17"]
[Round "7.6"]
[White "Atalik, Suat"]
[Black "Yagiz, Yasin Emrah"]
[Result "1/2-1/2"]
[WhiteElo "2618"]
[BlackElo "2209"]
[PlyCount "77"]
[EventDate "2006.??.??"]

1. Nf3 e6 2. c4 c5 3. g3 d5 4. cxd5 exd5 5. Bg2 Nf6 6. d4 Nc6 7. O-O c4 8. Ne5
Bd6 9. Bf4 O-O 10. Nc3 Be6 11. Nxc6 bxc6 12. Bxd6 Qxd6 13. Qc2 Rab8 14. Rfd1
Qb4 15. Rd2 g6 16. Rad1 Bf5 17. Qc1 Rfe8 18. Qa1 Kg7 19. Rc1 h5 20. e3 h4 21.
b3 cxb3 22. Rb2 hxg3 23. hxg3 Qe7 24. Rxb3 Ne4 25. Rxb8 Rxb8 26. Nxe4 Bxe4 27.
Qc3 Bxg2 28. Kxg2 Qe6 29. Rh1 a5 30. Qd2 a4 31. e4 Qxe4+ 32. f3 Qe8 33. Qh6+
Kf6 34. Qh4+ Kg7 35. Qh7+ Kf6 36. Qh4+ Kg7 37. Qh6+ Kf6 38. Qf4+ Kg7 39. Qh6+
1/2-1/2

[Event "TUR-ch Istanbul"]
[Site "Istanbul"]
[Date "2006.03.17"]
[Round "7.7"]
[White "Erdogan, Hakan"]
[Black "Atakisi, Umut"]
[Result "1/2-1/2"]
[WhiteElo "2259"]
[BlackElo "2441"]
[PlyCount "105"]
[EventDate "2006.??.??"]

1. d4 d5 2. c4 c6 3. Nf3 Nf6 4. Nc3 dxc4 5. a4 Bf5 6. Ne5 Nbd7 7. Nxc4 Nb6 8.
Nxb6 axb6 9. f3 e6 10. e4 Bg6 11. Be3 Be7 12. Bc4 O-O 13. O-O Qc7 14. Qb3 Kh8
15. Rac1 Nd7 16. Kh1 Qd6 17. f4 Qb4 18. f5 exf5 19. exf5 Bh5 20. h3 f6 21. g4
Qxb3 22. Bxb3 Bf7 23. Be6 Rad8 24. Bf4 Bxe6 25. fxe6 Nb8 26. d5 Bd6 27. Rcd1
Rfe8 28. dxc6 Bxf4 29. Rxd8 Rxd8 30. Rxf4 Nxc6 31. g5 Re8 32. gxf6 gxf6 33.
Rxf6 Nd4 34. e7 Rxe7 35. Rxb6 Rg7 36. Rb4 Nf3 37. Rg4 Rxg4 38. hxg4 Ne5 39. g5
Nd3 40. Nd1 Kg7 41. a5 Kg6 42. b3 Kxg5 43. Ne3 Kf6 44. Nc2 Ke5 45. b4 Kd6 46.
b5 Kc7 47. Nd4 Nc5 48. Kg2 Kd6 49. Kf3 Kd5 50. Nf5 Kc4 51. Nd6+ Kb4 52. Nxb7
Kxb5 53. Nxc5 1/2-1/2

[Event "TUR-ch Istanbul"]
[Site "Pendik / Istanbul"]
[Date "2006.03.18"]
[Round "8.1"]
[White "Secer, Ata"]
[Black "Atakisi, Umut"]
[Result "1/2-1/2"]
[WhiteElo "2229"]
[BlackElo "2441"]
[PlyCount "51"]
[EventDate "2006.??.??"]

1. e4 c5 2. Nf3 Nc6 3. d4 cxd4 4. Nxd4 Qb6 5. Nb3 Nf6 6. Nc3 e6 7. Bd3 a6 8.
O-O Be7 9. Be3 Qc7 10. f4 d6 11. a4 b6 12. Kh1 Bb7 13. Qe2 O-O 14. f5 Nb4 15.
fxe6 fxe6 16. Nd4 Qd7 17. Bc4 d5 18. Bb3 Bc5 19. e5 Ne8 20. Rxf8+ Bxf8 21. Qg4
Nc7 22. Rf1 Nc6 23. Nxc6 Qxc6 24. Ne2 Bc5 25. Nd4 Qd7 26. c3 1/2-1/2